[Event "Hoogeveen Open"]
[Site "Hoogeveen, Netherlands"]
[Date "2018.10.27"]
[Round "9.6"]
[White "Zwirs, Nico"]
[Black "Bluhm, Sonja Maria"]
[Result "1-0"]
[WhiteElo "2410"]
[BlackElo "2281"]

1. e4 {[%clk 01:30:57]} {[%emt 00:00:02]} e5 {[%clk 01:30:53]} {[%emt
00:00:08]} 2. Nf3 {[%clk 01:31:09]} {[%emt 00:00:17]} Nc6 {[%clk 01:31:12]}
{[%emt 00:00:12]} 3. Bc4 {[%clk 01:31:12]} {[%emt 00:00:26]} Bc5 {[%clk
01:31:31]} {[%emt 00:00:12]} 4. d3 {[%clk 01:30:39]} {[%emt 00:01:03]} Nf6
{[%clk 01:30:47]} {[%emt 00:01:14]} 5. Nc3 {[%clk 01:29:25]} {[%emt 00:01:43]}
h6 {[%clk 01:30:30]} {[%emt 00:00:47]} 6. a3 {[%clk 01:29:38]} {[%emt
00:00:18]} a6 {[%clk 01:29:47]} {[%emt 00:01:13]} 7. b4 {[%clk 01:27:39]}
{[%emt 00:02:28]} Ba7 {[%clk 01:29:58]} {[%emt 00:00:20]} 8. h3 {[%clk
01:22:48]} {[%emt 00:05:20]} d6 {[%clk 01:30:04]} {[%emt 00:00:25]} 9. Ne2
{[%clk 01:16:54]} {[%emt 00:06:24]} Ne7 {[%clk 01:25:54]} {[%emt 00:04:40]} 10.
Ng3 {[%clk 01:16:07]} {[%emt 00:01:16]} Ng6 {[%clk 01:26:13]} {[%emt 00:00:12]}
11. O-O {[%clk 01:13:30]} {[%emt 00:03:07]} O-O {[%clk 01:25:14]} {[%emt
00:01:29]} 12. Bb3 {[%clk 01:11:55]} {[%emt 00:02:05]} Be6 {[%clk 01:21:58]}
{[%emt 00:03:47]} 13. Bxe6 {[%clk 01:04:51]} {[%emt 00:07:34]} fxe6 {[%clk
01:22:20]} {[%emt 00:00:08]} 14. d4 {[%clk 01:05:14]} {[%emt 00:00:06]} exd4
{[%clk 01:15:25]} {[%emt 00:07:25]} 15. Nxd4 {[%clk 01:05:39]} {[%emt
00:00:05]} Qe7 {[%clk 01:15:44]} {[%emt 00:00:10]} 16. Be3 {[%clk 00:44:59]}
{[%emt 00:21:09]} Ne5 {[%clk 01:05:10]} {[%emt 00:11:05]} 17. Qe2 {[%clk
00:44:01]} {[%emt 00:01:27]} b5 {[%clk 01:00:11]} {[%emt 00:05:30]} 18. a4
{[%clk 00:40:21]} {[%emt 00:04:09]} c5 {[%clk 00:54:09]} {[%emt 00:06:34]} 19.
bxc5 {[%clk 00:40:09]} {[%emt 00:00:43]} dxc5 {[%clk 00:54:12]} {[%emt
00:00:26]} 20. Nb3 {[%clk 00:39:28]} {[%emt 00:01:11]} c4 {[%clk 00:48:57]}
{[%emt 00:05:46]} 21. Nd4 {[%clk 00:36:52]} {[%emt 00:03:05]} Bxd4 {[%clk
00:48:49]} {[%emt 00:00:38]} 22. Bxd4 {[%clk 00:37:13]} {[%emt 00:00:08]} Nfd7
{[%clk 00:48:58]} {[%emt 00:00:22]} 23. f4 {[%clk 00:34:30]} {[%emt 00:03:12]}
Nc6 {[%clk 00:45:34]} {[%emt 00:03:55]} 24. Be3 {[%clk 00:34:22]} {[%emt
00:00:36]} Rae8 {[%clk 00:33:44]} {[%emt 00:12:21]} 25. e5 {[%clk 00:33:25]}
{[%emt 00:01:26]} Qh4 {[%clk 00:29:54]} {[%emt 00:04:21]} 26. Ne4 {[%clk
00:27:38]} {[%emt 00:06:17]} Ne7 {[%clk 00:28:57]} {[%emt 00:01:27]} 27. axb5
{[%clk 00:24:46]} {[%emt 00:03:23]} axb5 {[%clk 00:28:01]} {[%emt 00:01:26]} 28.
Nd6 {[%clk 00:24:00]} {[%emt 00:01:15]} Rb8 {[%clk 00:28:08]} {[%emt 00:00:24]}
29. Ra7 {[%clk 00:21:42]} {[%emt 00:02:47]} Rfd8 {[%clk 00:27:01]} {[%emt
00:01:38]} 30. Bf2 {[%clk 00:16:04]} {[%emt 00:06:08]} Qxf4 {[%clk 00:27:14]}
{[%emt 00:00:16]} 31. Bb6 {[%clk 00:16:25]} {[%emt 00:00:09]} Qxe5 {[%clk
00:24:35]} {[%emt 00:03:10]} 32. Qxe5 {[%clk 00:16:46]} {[%emt 00:00:09]} Nxe5
{[%clk 00:25:02]} {[%emt 00:00:03]} 33. Bxd8 {[%clk 00:16:56]} {[%emt
00:00:19]} Rxd8 {[%clk 00:25:06]} {[%emt 00:00:27]} 34. Nf7 {[%clk 00:11:18]}
{[%emt 00:06:08]} Nxf7 {[%clk 00:23:02]} {[%emt 00:02:33]} 35. Rxe7 {[%clk
00:11:25]} {[%emt 00:00:23]} Ng5 {[%clk 00:20:04]} {[%emt 00:03:28]} 36. h4
{[%clk 00:11:09]} {[%emt 00:00:46]} Ne4 {[%clk 00:20:29]} {[%emt 00:00:06]} 37.
Rff7 {[%clk 00:08:48]} {[%emt 00:02:50]} Rd1+ {[%clk 00:20:24]} {[%emt
00:00:36]} 38. Kh2 {[%clk 00:09:10]} {[%emt 00:00:07]} 1-0

[Event "Hoogeveen Open"]
[Site "Hoogeveen, Netherlands"]
[Date "2018.10.27"]
[Round "9.7"]
[White "Miedema, David"]
[Black "Rakshitta, Ravi"]
[Result "1-0"]
[WhiteElo "2379"]
[BlackElo "2160"]

1. Nf3 {[%clk 01:30:56]} {[%emt 00:00:03]} Nf6 {[%clk 01:29:21]} {[%emt
00:01:39]} 2. c4 {[%clk 01:31:21]} {[%emt 00:00:06]} e6 {[%clk 01:29:39]}
{[%emt 00:00:13]} 3. g3 {[%clk 01:31:45]} {[%emt 00:00:05]} d5 {[%clk
01:30:04]} {[%emt 00:00:05]} 4. Bg2 {[%clk 01:32:11]} {[%emt 00:00:03]} Be7
{[%clk 01:30:23]} {[%emt 00:00:12]} 5. O-O {[%clk 01:32:10]} {[%emt 00:00:30]}
O-O {[%clk 01:30:50]} {[%emt 00:00:04]} 6. b3 {[%clk 01:32:00]} {[%emt
00:00:40]} b6 {[%clk 01:31:11]} {[%emt 00:00:09]} 7. Bb2 {[%clk 01:32:24]}
{[%emt 00:00:05]} Bb7 {[%clk 01:31:36]} {[%emt 00:00:06]} 8. d3 {[%clk
01:27:34]} {[%emt 00:05:19]} c5 {[%clk 01:31:41]} {[%emt 00:00:26]} 9. cxd5
{[%clk 01:27:55]} {[%emt 00:00:09]} Nxd5 {[%clk 01:31:29]} {[%emt 00:00:42]} 10.
a3 {[%clk 01:21:46]} {[%emt 00:06:38]} Nc6 {[%clk 01:31:03]} {[%emt 00:00:56]}
11. e4 {[%clk 01:20:36]} {[%emt 00:01:40]} Nf6 {[%clk 01:30:14]} {[%emt
00:01:20]} 12. e5 {[%clk 01:20:44]} {[%emt 00:00:22]} Nd5 {[%clk 01:23:16]}
{[%emt 00:07:28]} 13. d4 {[%clk 01:20:48]} {[%emt 00:00:26]} cxd4 {[%clk
01:18:55]} {[%emt 00:04:50]} 14. Nxd4 {[%clk 01:20:11]} {[%emt 00:01:06]} Nxd4
{[%clk 01:19:13]} {[%emt 00:00:13]} 15. Qxd4 {[%clk 01:20:34]} {[%emt
00:00:06]} Bc5 {[%clk 01:18:41]} {[%emt 00:01:02]} 16. Qg4 {[%clk 01:19:15]}
{[%emt 00:01:48]} Rc8 {[%clk 01:11:40]} {[%emt 00:07:32]} 17. b4 {[%clk
01:10:01]} {[%emt 00:09:44]} Bxf2+ {[%clk 01:09:57]} {[%emt 00:02:14]} 18. Rxf2
{[%clk 01:09:45]} {[%emt 00:00:45]} Ne3 {[%clk 01:10:11]} {[%emt 00:00:17]} 19.
Qe2 {[%clk 01:07:42]} {[%emt 00:02:31]} Nxg2 {[%clk 01:05:21]} {[%emt
00:05:21]} 20. Nc3 {[%clk 01:07:33]} {[%emt 00:00:39]} Qg5 {[%clk 01:02:32]}
{[%emt 00:03:20]} 21. Rxg2 {[%clk 01:04:25]} {[%emt 00:03:38]} Bxg2 {[%clk
01:02:54]} {[%emt 00:00:07]} 22. Kxg2 {[%clk 01:04:52]} {[%emt 00:00:02]} Rfd8
{[%clk 01:03:19]} {[%emt 00:00:07]} 23. Ne4 {[%clk 01:05:16]} {[%emt 00:00:05]}
Qg6 {[%clk 01:03:41]} {[%emt 00:00:08]} 24. Rf1 {[%clk 01:02:24]} {[%emt
00:03:22]} Rc7 {[%clk 01:02:52]} {[%emt 00:01:19]} 25. Kg1 {[%clk 00:49:59]}
{[%emt 00:12:55]} h6 {[%clk 00:46:48]} {[%emt 00:16:35]} 26. Rf2 {[%clk
00:41:39]} {[%emt 00:08:48]} Rd5 {[%clk 00:45:00]} {[%emt 00:02:20]} 27. Nc3
{[%clk 00:39:26]} {[%emt 00:02:43]} Rd8 {[%clk 00:32:15]} {[%emt 00:13:14]} 28.
Ne4 {[%clk 00:35:18]} {[%emt 00:04:37]} Rd5 {[%clk 00:32:31]} {[%emt 00:00:15]}
29. a4 {[%clk 00:35:13]} {[%emt 00:00:35]} Rcd7 {[%clk 00:31:32]} {[%emt
00:01:29]} 30. Rf1 {[%clk 00:34:09]} {[%emt 00:01:33]} Rc7 {[%clk 00:31:00]}
{[%emt 00:01:03]} 31. b5 {[%clk 00:32:23]} {[%emt 00:02:15]} Kh7 {[%clk
00:30:29]} {[%emt 00:01:02]} 32. Bc3 {[%clk 00:29:06]} {[%emt 00:03:46]} Rd8
{[%clk 00:28:45]} {[%emt 00:02:16]} 33. Rf3 {[%clk 00:22:29]} {[%emt 00:07:05]}
Rdc8 {[%clk 00:27:57]} {[%emt 00:01:20]} 34. Bd2 {[%clk 00:21:09]} {[%emt
00:01:49]} Rc2 {[%clk 00:25:02]} {[%emt 00:03:25]} 35. Nd6 {[%clk 00:16:26]}
{[%emt 00:05:14]} R8c7 {[%clk 00:24:44]} {[%emt 00:00:48]} 36. Rf4 {[%clk
00:06:32]} {[%emt 00:10:21]} Ra2 {[%clk 00:23:42]} {[%emt 00:01:34]} 37. Rd4
{[%clk 00:05:38]} {[%emt 00:01:24]} Qc2 {[%clk 00:20:33]} {[%emt 00:03:40]} 38.
Qe4+ {[%clk 00:05:24]} {[%emt 00:00:44]} Qxe4 {[%clk 00:20:31]} {[%emt
00:00:31]} 39. Nxe4 {[%clk 00:05:50]} {[%emt 00:00:04]} Rcc2 {[%clk 00:20:56]}
{[%emt 00:00:05]} 40. Kf2 {[%clk 00:05:56]} {[%emt 00:00:22]} Kg6 {[%clk
00:20:34]} {[%emt 00:00:54]} 41. Ke3 {[%clk 00:03:55]} {[%emt 00:02:30]} Ra3+
{[%clk 00:18:28]} {[%emt 00:02:38]} 42. Ke2 {[%clk 00:02:50]} {[%emt 00:01:34]}
Rca2 {[%clk 00:18:43]} {[%emt 00:00:15]} 43. Rd7 {[%clk 00:02:58]} {[%emt
00:00:22]} Rxa4 {[%clk 00:18:50]} {[%emt 00:00:24]} 44. Nc3 {[%clk 00:02:41]}
{[%emt 00:00:46]} R4a3 {[%clk 00:17:50]} {[%emt 00:01:31]} 45. Nxa2 {[%clk
00:03:06]} {[%emt 00:00:04]} Rxa2 {[%clk 00:18:16]} {[%emt 00:00:04]} 46. Kd3
{[%clk 00:03:09]} {[%emt 00:00:26]} Rb2 {[%clk 00:18:45]} {[%emt 00:00:03]} 47.
Kc4 {[%clk 00:03:32]} {[%emt 00:00:06]} Rc2+ {[%clk 00:18:56]} {[%emt
00:00:20]} 48. Kb4 {[%clk 00:03:24]} {[%emt 00:00:36]} Rb2+ {[%clk 00:19:18]}
{[%emt 00:00:09]} 49. Kc4 {[%clk 00:03:40]} {[%emt 00:00:14]} Rc2+ {[%clk
00:19:44]} {[%emt 00:00:05]} 50. Bc3 {[%clk 00:02:37]} {[%emt 00:01:32]} Rxh2
{[%clk 00:20:11]} {[%emt 00:00:03]} 51. Rxa7 {[%clk 00:03:04]} {[%emt
00:00:03]} Rg2 {[%clk 00:20:30]} {[%emt 00:00:12]} 52. Rb7 {[%clk 00:01:05]}
{[%emt 00:02:27]} Rxg3 {[%clk 00:20:54]} {[%emt 00:00:08]} 53. Rxb6 {[%clk
00:01:32]} {[%emt 00:00:03]} h5 {[%clk 00:21:17]} {[%emt 00:00:06]} 54. Rb8
{[%clk 00:01:58]} {[%emt 00:00:04]} Kh7 {[%clk 00:21:41]} {[%emt 00:00:06]} 55.
b6 {[%clk 00:02:10]} {[%emt 00:00:18]} h4 {[%clk 00:21:52]} {[%emt 00:00:19]}
56. b7 {[%clk 00:02:28]} {[%emt 00:00:12]} h3 {[%clk 00:22:16]} {[%emt
00:00:06]} 57. Rd8 {[%clk 00:30:12]} {[%emt 00:02:46]} Rg4+ {[%clk 00:52:41]}
{[%emt 00:00:06]} 58. Kb3 {[%clk 00:30:37]} {[%emt 00:00:04]} 1-0

[Event "Hoogeveen Open"]
[Site "Hoogeveen, Netherlands"]
[Date "2018.10.27"]
[Round "9.8"]
[White "Bertholee, Rob"]
[Black "Ojas, Kulkarni"]
[Result "0-1"]
[WhiteElo "2334"]
[BlackElo "2254"]

1. e4 {[%clk 01:30:57]} {[%emt 00:00:02]} Nf6 {[%clk 01:30:27]} {[%emt
00:00:33]} 2. e5 {[%clk 01:31:23]} {[%emt 00:00:05]} Nd5 {[%clk 01:30:40]}
{[%emt 00:00:16]} 3. c4 {[%clk 01:31:46]} {[%emt 00:00:08]} Nb6 {[%clk
01:31:03]} {[%emt 00:00:06]} 4. c5 {[%clk 01:32:13]} {[%emt 00:00:04]} Nd5
{[%clk 01:31:26]} {[%emt 00:00:06]} 5. Nc3 {[%clk 01:32:40]} {[%emt 00:00:04]}
Nxc3 {[%clk 01:31:43]} {[%emt 00:00:13]} 6. dxc3 {[%clk 01:33:04]} {[%emt
00:00:06]} e6 {[%clk 01:29:11]} {[%emt 00:03:03]} 7. Qg4 {[%clk 01:32:00]}
{[%emt 00:01:34]} f5 {[%clk 01:18:27]} {[%emt 00:11:14]} 8. Qg3 {[%clk
01:29:17]} {[%emt 00:03:12]} b6 {[%clk 01:11:12]} {[%emt 00:07:46]} 9. Be2
{[%clk 01:24:25]} {[%emt 00:05:22]} Qe7 {[%clk 01:10:04]} {[%emt 00:01:37]} 10.
Bh5+ {[%clk 00:43:03]} {[%emt 00:41:52]} g6 {[%clk 01:10:04]} {[%emt 00:00:30]}
11. Bf3 {[%clk 00:43:25]} {[%emt 00:00:08]} Nc6 {[%clk 01:10:16]} {[%emt
00:00:18]} 12. Bxc6 {[%clk 00:42:34]} {[%emt 00:01:22]} dxc6 {[%clk 01:10:37]}
{[%emt 00:00:09]} 13. Bg5 {[%clk 00:41:52]} {[%emt 00:01:11]} Qxc5 {[%clk
01:00:47]} {[%emt 00:10:20]} 14. Bf6 {[%clk 00:40:19]} {[%emt 00:02:03]} Rg8
{[%clk 01:01:11]} {[%emt 00:00:06]} 15. O-O-O {[%clk 00:39:18]} {[%emt
00:01:31]} Ba6 {[%clk 00:57:14]} {[%emt 00:04:27]} 16. Rd4 {[%clk 00:32:20]}
{[%emt 00:07:28]} Qa5 {[%clk 00:52:53]} {[%emt 00:04:52]} 17. Qf3 {[%clk
00:29:43]} {[%emt 00:03:07]} Bb5 {[%clk 00:49:50]} {[%emt 00:03:33]} 18. Qd1
{[%clk 00:24:31]} {[%emt 00:05:42]} c5 {[%clk 00:49:27]} {[%emt 00:00:54]} 19.
Rd8+ {[%clk 00:24:02]} {[%emt 00:00:58]} Kf7 {[%clk 00:49:10]} {[%emt
00:00:48]} 20. Rd7+ {[%clk 00:22:32]} {[%emt 00:02:00]} Ke8 {[%clk 00:49:01]}
{[%emt 00:00:38]} 21. Rd8+ {[%clk 00:21:26]} {[%emt 00:01:37]} Kf7 {[%clk
00:49:28]} {[%emt 00:00:03]} 22. Rxa8 {[%clk 00:20:58]} {[%emt 00:00:58]} Bh6+
{[%clk 00:47:32]} {[%emt 00:02:25]} 23. Kb1 {[%clk 00:21:23]} {[%emt 00:00:05]}
Rxa8 {[%clk 00:47:48]} {[%emt 00:00:14]} 24. Nf3 {[%clk 00:10:57]} {[%emt
00:10:57]} Bc6 {[%clk 00:42:56]} {[%emt 00:05:22]} 25. h4 {[%clk 00:06:03]}
{[%emt 00:05:23]} Be4+ {[%clk 00:38:29]} {[%emt 00:04:57]} 26. Ka1 {[%clk
00:06:22]} {[%emt 00:00:12]} Bd5 {[%clk 00:38:50]} {[%emt 00:00:09]} 27. a3
{[%clk 00:05:03]} {[%emt 00:01:48]} Qb5 {[%clk 00:36:55]} {[%emt 00:02:25]} 28.
h5 {[%clk 00:05:24]} {[%emt 00:00:09]} g5 {[%clk 00:36:51]} {[%emt 00:00:34]}
29. Bxg5 {[%clk 00:05:02]} {[%emt 00:00:52]} Qc4 {[%clk 00:36:15]} {[%emt
00:01:06]} 30. Qb1 {[%clk 00:03:48]} {[%emt 00:01:45]} Bxf3 {[%clk 00:34:31]}
{[%emt 00:02:13]} 31. Bxh6 {[%clk 00:04:05]} {[%emt 00:00:13]} Bxg2 {[%clk
00:33:15]} {[%emt 00:01:46]} 32. Rg1 {[%clk 00:04:18]} {[%emt 00:00:17]} Rg8
{[%clk 00:33:40]} {[%emt 00:00:05]} 33. b3 {[%clk 00:02:05]} {[%emt 00:02:43]}
Qxc3+ {[%clk 00:32:14]} {[%emt 00:01:57]} 34. Ka2 {[%clk 00:01:44]} {[%emt
00:00:51]} c4 {[%clk 00:28:50]} {[%emt 00:03:54]} 35. b4 {[%clk 00:01:42]}
{[%emt 00:00:32]} Be4 {[%clk 00:28:46]} {[%emt 00:00:33]} 36. Qd1 {[%clk
00:01:57]} {[%emt 00:00:15]} Qb3+ {[%clk 00:29:03]} {[%emt 00:00:12]} 37. Ka1
{[%clk 00:02:12]} {[%emt 00:00:17]} Qxa3# {[%clk 00:29:26]} {[%emt 00:00:06]}
0-1

[Event "Hoogeveen Open"]
[Site "Hoogeveen, Netherlands"]
[Date "2018.10.27"]
[Round "9.9"]
[White "De Jong, Migchiel"]
[Black "Ingebretsen, Jens E"]
[Result "1-0"]
[WhiteElo "2309"]
[BlackElo "2160"]

1. e4 {[%clk 01:30:51]} {[%emt 00:00:06]} c5 {[%clk 01:29:05]} {[%emt
00:01:55]} 2. Nf3 {[%clk 01:31:13]} {[%emt 00:00:10]} e6 {[%clk 01:29:20]}
{[%emt 00:00:16]} 3. g3 {[%clk 01:31:17]} {[%emt 00:00:26]} Nc6 {[%clk
01:28:54]} {[%emt 00:00:56]} 4. Bg2 {[%clk 01:31:41]} {[%emt 00:00:05]} d5
{[%clk 01:28:22]} {[%emt 00:01:02]} 5. exd5 {[%clk 01:31:51]} {[%emt 00:00:20]}
exd5 {[%clk 01:28:45]} {[%emt 00:00:08]} 6. d4 {[%clk 01:31:45]} {[%emt
00:00:36]} Nf6 {[%clk 01:27:35]} {[%emt 00:01:41]} 7. O-O {[%clk 01:32:06]}
{[%emt 00:00:08]} Be7 {[%clk 01:26:55]} {[%emt 00:01:10]} 8. Nc3 {[%clk
01:29:11]} {[%emt 00:03:24]} O-O {[%clk 01:26:13]} {[%emt 00:01:13]} 9. Be3
{[%clk 01:27:50]} {[%emt 00:01:50]} Bg4 {[%clk 01:23:17]} {[%emt 00:03:26]} 10.
h3 {[%clk 01:25:21]} {[%emt 00:03:00]} cxd4 {[%clk 01:22:36]} {[%emt 00:01:12]}
11. Bxd4 {[%clk 01:25:18]} {[%emt 00:00:32]} Be6 {[%clk 01:19:47]} {[%emt
00:03:19]} 12. Be3 {[%clk 01:23:43]} {[%emt 00:02:04]} Qd7 {[%clk 01:19:08]}
{[%emt 00:01:10]} 13. Kh2 {[%clk 01:23:39]} {[%emt 00:00:34]} Rfd8 {[%clk
01:17:56]} {[%emt 00:01:42]} 14. Nd4 {[%clk 01:23:46]} {[%emt 00:00:23]} Ne5
{[%clk 01:17:28]} {[%emt 00:00:58]} 15. Nce2 {[%clk 01:21:01]} {[%emt
00:03:14]} Rac8 {[%clk 01:15:05]} {[%emt 00:02:54]} 16. Nxe6 {[%clk 01:14:33]}
{[%emt 00:06:58]} fxe6 {[%clk 01:14:59]} {[%emt 00:00:36]} 17. Bxa7 {[%clk
01:14:16]} {[%emt 00:00:46]} Qc7 {[%clk 01:10:06]} {[%emt 00:05:24]} 18. Bd4
{[%clk 01:13:36]} {[%emt 00:01:09]} Nc6 {[%clk 01:09:26]} {[%emt 00:01:11]} 19.
c3 {[%clk 01:11:53]} {[%emt 00:02:12]} e5 {[%clk 01:09:01]} {[%emt 00:00:55]}
20. Be3 {[%clk 01:12:07]} {[%emt 00:00:15]} Kh8 {[%clk 01:03:16]} {[%emt
00:06:16]} 21. Qb3 {[%clk 01:07:35]} {[%emt 00:05:02]} d4 {[%clk 01:01:39]}
{[%emt 00:02:08]} 22. cxd4 {[%clk 01:05:36]} {[%emt 00:02:29]} exd4 {[%clk
01:02:00]} {[%emt 00:00:08]} 23. Bf4 {[%clk 01:01:31]} {[%emt 00:04:35]} Bd6
{[%clk 01:01:20]} {[%emt 00:01:11]} 24. Rad1 {[%clk 01:00:26]} {[%emt
00:01:34]} Be5 {[%clk 00:58:36]} {[%emt 00:03:15]} 25. Bxe5 {[%clk 00:52:05]}
{[%emt 00:08:50]} Qxe5 {[%clk 00:58:55]} {[%emt 00:00:11]} 26. Rfe1 {[%clk
00:52:18]} {[%emt 00:00:17]} Qc5 {[%clk 00:51:53]} {[%emt 00:07:32]} 27. Nf4
{[%clk 00:51:56]} {[%emt 00:00:52]} Na5 {[%clk 00:51:50]} {[%emt 00:00:34]} 28.
Qa4 {[%clk 00:51:19]} {[%emt 00:01:03]} Nc4 {[%clk 00:36:14]} {[%emt 00:16:10]}
29. Ne6 {[%clk 00:51:04]} {[%emt 00:00:45]} b5 {[%clk 00:34:21]} {[%emt
00:02:23]} 30. Qb3 {[%clk 00:50:33]} {[%emt 00:01:00]} Qf5 {[%clk 00:33:14]}
{[%emt 00:01:37]} 31. Nxd8 {[%clk 00:50:50]} {[%emt 00:00:14]} Rxd8 {[%clk
00:33:28]} {[%emt 00:00:16]} 32. Kg1 {[%clk 00:49:22]} {[%emt 00:01:57]} Qc5
{[%clk 00:26:50]} {[%emt 00:07:08]} 33. Re2 {[%clk 00:48:33]} {[%emt 00:01:19]}
h5 {[%clk 00:25:57]} {[%emt 00:01:23]} 34. Qc2 {[%clk 00:46:32]} {[%emt
00:02:31]} Qd6 {[%clk 00:23:29]} {[%emt 00:02:59]} 35. Qf5 {[%clk 00:45:57]}
{[%emt 00:01:04]} d3 {[%clk 00:22:40]} {[%emt 00:01:19]} 36. Re6 {[%clk
00:46:15]} {[%emt 00:00:12]} Qd4 {[%clk 00:22:21]} {[%emt 00:00:49]} 37. Be4
{[%clk 00:45:14]} {[%emt 00:01:30]} Nd6 {[%clk 00:19:02]} {[%emt 00:03:50]} 38.
Rxd6 {[%clk 00:45:32]} {[%emt 00:00:12]} Rxd6 {[%clk 00:19:24]} {[%emt
00:00:08]} 39. Bxd3 {[%clk 00:43:04]} {[%emt 00:02:57]} Qxb2 {[%clk 00:17:51]}
{[%emt 00:02:03]} 40. Qc8+ {[%clk 00:40:02]} {[%emt 00:03:32]} Ng8 {[%clk
00:17:57]} {[%emt 00:00:25]} 41. Qc5 {[%clk 00:39:27]} {[%emt 00:01:04]} Rh6
{[%clk 00:13:55]} {[%emt 00:04:33]} 42. Bxb5 {[%clk 00:39:27]} {[%emt
00:00:30]} Qxa2 {[%clk 00:14:11]} {[%emt 00:00:14]} 43. Rd8 {[%clk 00:38:59]}
{[%emt 00:00:57]} Qb1+ {[%clk 00:13:42]} {[%emt 00:01:01]} 44. Kh2 {[%clk
00:38:52]} {[%emt 00:00:36]} h4 {[%clk 00:13:55]} {[%emt 00:00:18]} 45. Qd5
{[%clk 00:37:56]} {[%emt 00:01:24]} hxg3+ {[%clk 00:12:58]} {[%emt 00:01:28]}
46. Kg2 {[%clk 00:38:17]} {[%emt 00:00:09]} Qh7 {[%clk 00:12:23]} {[%emt
00:01:05]} 47. Bc4 {[%clk 00:38:13]} {[%emt 00:00:33]} 1-0

[Event "Hoogeveen Open"]
[Site "Hoogeveen, Netherlands"]
[Date "2018.10.27"]
[Round "9.10"]
[White "Schippers, Maurice"]
[Black "De Boer, Eelke"]
[Result "0-1"]
[WhiteElo "2272"]
[BlackElo "2285"]

1. e4 {[%clk 01:30:58]} {[%emt 00:00:02]} c5 {[%clk 01:30:54]} {[%emt
00:00:05]} 2. Nf3 {[%clk 01:31:24]} {[%emt 00:00:04]} d6 {[%clk 01:31:17]}
{[%emt 00:00:07]} 3. d4 {[%clk 01:31:51]} {[%emt 00:00:04]} cxd4 {[%clk
01:31:41]} {[%emt 00:00:06]} 4. Nxd4 {[%clk 01:32:17]} {[%emt 00:00:04]} Nf6
{[%clk 01:32:02]} {[%emt 00:00:08]} 5. Nc3 {[%emt 00:01:23]} a6 {[%clk
01:32:26]} {[%emt 00:00:04]} 6. g3 {[%clk 01:31:41]} {[%emt 00:00:16]} g6
{[%clk 01:32:07]} {[%emt 00:00:48]} 7. Bg2 {[%clk 01:31:54]} {[%emt 00:00:18]}
Bg7 {[%clk 01:32:29]} {[%emt 00:00:07]} 8. O-O {[%clk 01:32:10]} {[%emt
00:00:15]} O-O {[%clk 01:32:53]} {[%emt 00:00:06]} 9. a4 {[%clk 01:31:12]}
{[%emt 00:01:28]} Nc6 {[%clk 01:29:32]} {[%emt 00:03:50]} 10. Nb3 {[%clk
01:27:28]} {[%emt 00:04:14]} Bg4 {[%clk 01:14:38]} {[%emt 00:15:24]} 11. f3
{[%clk 01:22:41]} {[%emt 00:05:17]} Be6 {[%clk 01:13:47]} {[%emt 00:01:21]} 12.
Nd5 {[%clk 01:17:03]} {[%emt 00:06:09]} Bxd5 {[%clk 01:09:31]} {[%emt
00:04:46]} 13. exd5 {[%clk 01:16:19]} {[%emt 00:01:14]} Nb4 {[%clk 01:09:35]}
{[%emt 00:00:26]} 14. f4 {[%clk 01:14:35]} {[%emt 00:02:14]} Rc8 {[%clk
01:08:39]} {[%emt 00:01:25]} 15. c3 {[%clk 01:05:52]} {[%emt 00:09:13]} Qb6+
{[%clk 01:07:18]} {[%emt 00:01:51]} 16. Kh1 {[%clk 01:01:49]} {[%emt 00:04:33]}
Nd3 {[%clk 01:07:18]} {[%emt 00:00:30]} 17. Qxd3 {[%clk 01:01:53]} {[%emt
00:00:26]} Qxb3 {[%clk 01:07:41]} {[%emt 00:00:07]} 18. Re1 {[%clk 00:59:56]}
{[%emt 00:02:27]} Rfe8 {[%clk 01:05:57]} {[%emt 00:02:14]} 19. Ra3 {[%clk
00:55:13]} {[%emt 00:05:14]} Qb6 {[%clk 01:03:14]} {[%emt 00:03:12]} 20. a5
{[%clk 00:52:57]} {[%emt 00:02:48]} Qc7 {[%clk 00:57:33]} {[%emt 00:06:10]} 21.
Be3 {[%clk 00:49:21]} {[%emt 00:04:06]} Nd7 {[%clk 00:54:15]} {[%emt 00:03:48]}
22. Bh3 {[%clk 00:42:14]} {[%emt 00:07:36]} Rb8 {[%clk 00:53:17]} {[%emt
00:01:28]} 23. b4 {[%clk 00:41:30]} {[%emt 00:01:14]} b5 {[%clk 00:36:30]}
{[%emt 00:17:17]} 24. axb6 {[%clk 00:28:34]} {[%emt 00:13:27]} Nxb6 {[%clk
00:36:53]} {[%emt 00:00:06]} 25. Bf2 {[%clk 00:27:59]} {[%emt 00:01:06]} Ra8
{[%clk 00:31:49]} {[%emt 00:05:33]} 26. Bf1 {[%clk 00:19:50]} {[%emt 00:08:39]}
Rec8 {[%clk 00:25:33]} {[%emt 00:06:45]} 27. Bxb6 {[%clk 00:16:13]} {[%emt
00:04:08]} Qxb6 {[%clk 00:25:34]} {[%emt 00:00:29]} 28. Rxe7 {[%clk 00:16:30]}
{[%emt 00:00:14]} a5 {[%clk 00:21:36]} {[%emt 00:04:27]} 29. bxa5 {[%clk
00:12:19]} {[%emt 00:04:41]} Rxa5 {[%clk 00:21:58]} {[%emt 00:00:09]} 30. Rxa5
{[%clk 00:12:15]} {[%emt 00:00:33]} Qxa5 {[%clk 00:22:23]} {[%emt 00:00:05]} 31.
c4 {[%clk 00:11:45]} {[%emt 00:01:00]} Bf6 {[%clk 00:18:31]} {[%emt 00:04:21]}
32. Rd7 {[%clk 00:10:09]} {[%emt 00:02:07]} Qc5 {[%clk 00:18:15]} {[%emt
00:00:46]} 33. Kg2 {[%clk 00:07:05]} {[%emt 00:03:34]} Rb8 {[%clk 00:17:32]}
{[%emt 00:01:13]} 34. Be2 {[%clk 00:05:26]} {[%emt 00:02:09]} Kf8 {[%clk
00:15:37]} {[%emt 00:02:25]} 35. f5 {[%clk 00:01:00]} {[%emt 00:04:57]} Ke8
{[%clk 00:11:22]} {[%emt 00:04:45]} 36. fxg6 {[%clk 00:01:16]} {[%emt
00:00:14]} Kxd7 {[%clk 00:08:12]} {[%emt 00:03:39]} 37. Qf5+ {[%clk 00:01:41]}
{[%emt 00:00:05]} Ke7 {[%clk 00:08:30]} {[%emt 00:00:11]} 38. gxf7 {[%clk
00:01:32]} {[%emt 00:00:40]} Qe3 {[%clk 00:07:07]} {[%emt 00:01:53]} 39. Bg4
{[%clk 00:00:43]} {[%emt 00:01:19]} Qd2+ {[%clk 00:00:36]} {[%emt 00:07:01]}
0-1